The Wonder of Worship / (Record no. 5660)

MARC details
000 -LEADER
fixed length control field 00434nam a22001697a 4500
003 - CONTROL NUMBER IDENTIFIER
control field GBCCL
005 - DATE AND TIME OF LATEST TRANSACTION
control field 20241126110547.0
008 - FIXED-LENGTH DATA ELEMENTS--GENERAL INFORMATION
fixed length control field 180403b ||||| |||| 00| 0 eng d
040 ## - CATALOGING SOURCE
Transcribing agency gbc
082 ## - DEWEY DECIMAL CLASSIFICATION NUMBER
Classification number 248.3
Item number MCK
100 ## - MAIN ENTRY--PERSONAL NAME
Personal name McKee, David
9 (RLIN) 10215
245 #4 - TITLE STATEMENT
Title The Wonder of Worship /
Statement of responsibility, etc. David McKee
260 ## - PUBLICATION, DISTRIBUTION, ETC.
Name of publisher, distributor, etc. Jivan Sahitya Sanstha,
Place of publication, distribution, etc. Ahmedabad:
Date of publication, distribution, etc. 1967
300 ## - PHYSICAL DESCRIPTION
Extent 106 p.;
Dimensions 18 cm.
650 ## - SUBJECT ADDED ENTRY--TOPICAL TERM
Topical term or geographic name entry element Worship
9 (RLIN) 444
942 ## - ADDED ENTRY ELEMENTS (KOHA)
Source of classification or shelving scheme Dewey Decimal Classification
Koha item type Books
Koha issues (borrowed), all copies 9
Holdings
Withdrawn status Lost status Source of classification or shelving scheme Damaged status Not for loan Home library Current Library Shelving location Date acquired Total checkouts Full call number Barcode Date last seen Date last checked out Copy number Price effective from Koha item type
    Dewey Decimal Classification     GRACE BIBLE COLLEGE GRACE BIBLE COLLEGE Ministry & Mission 2018-04-03 9 248.3 MCK 000459 2025-05-01 2023-02-13 c.1 2018-04-03 Books
© Grace Bible College Library 2025